| 000 | 00449nam a22001697a 4500 | ||
|---|---|---|---|
| 008 | 240611b |||||||| |||| 00| 0 eng d | ||
| 020 | _a9993320501 | ||
| 041 | _aEng. | ||
| 082 | _a300/Sh23s | ||
| 100 |
_aSharma, Tara nath _911595 |
||
| 245 | _aSelect social studies | ||
| 260 |
_aKathmandu: _bNepal sahitya prakashan kendra, _c2000 |
||
| 300 | _a296p.:ill. | ||
| 650 |
_aSocial study _920028 |
||
| 700 | _aDaniel, Marcel | ||
| 942 |
_2ddc _cISBN |
||
| 999 |
_c114226 _d114214 |
||